Plant water relations and mineral nutrition (Record no. 5965)

MARC details
000 -LEADER
fixed length control field 00494nam a2200169Ia 4500
008 - FIXED-LENGTH DATA ELEMENTS--GENERAL INFORMATION
fixed length control field 230917s9999||||xx |||||||||||||| ||und||
020 ## - ISBN
Price GBP 165.00 (RS 15671.70)
040 ## - CATALOGING SOURCE
-- 5011360
Original cataloging agency VIVEKANANDA LIBRARY
041 ## - Language
-- English
082 ## - DDC NUMBER
Classification number 581.19212 P739P
100 ## - MAIN ENTRY--PERSONAL NAME
Personal name Plumptre, Anne
245 #0 - TITLE STATEMENT
Title Plant water relations and mineral nutrition
260 ## - PUBLICATION, DISTRIBUTION, ETC. (IMPRINT)
Place of publication, distribution, etc Waltham Abbey Essex
Name of publisher, distributor, etc ED-Tech Press
Date of publication, distribution, etc 2021
300 ## - PHYSICAL DESCRIPTION
Pages xvi, 316 p.
500 ## - GENERAL NOTE
General note 4586 19/10/2022 HBD22/9434 19/10/2022 Main Budget
942 ## - ADDED ENTRY ELEMENTS (KOHA)
Koha item type Books
Holdings
Withdrawn status Lost status Damaged status Not for loan Location (home branch) Sublocation or collection (holding branch) Date acquired Koha issues (times borrowed) Koha full call number Accession No. Koha date last seen Koha item type
        VIVEKANANDA LIBRARY VIVEKANANDA LIBRARY 03/11/2022   581.19212 P739P 401169 17/09/2023 Books
© Designed and Maintained by Vivekananda Library, MDU Rohtak